02092nam a22002417a 4500003000400000005001700004008004100021020001800062040000700080041000800087082002100095100002400116245007400140260004400214300003000258365007600288520115000364650004101514942001201555999001901567952013801586952012601724OSt20250401161535.0250401b |||||||| |||| 00| 0 eng d a9789390742431 cAL aeng 223a808.53bHASW aMehdi Hasan9207236 aWin every argumentb: art of debating, persuading and public speaking aNew DelhibMacmillan publicationsc2023 axvi,317p.bPBc23.3x15cm. 2GeneralaHR-EKMF-1271137075-2425b₹491.00c₹d₹699.00f20-03-2025 aMSNBC’s Mehdi Hasan isn’t one to avoid arguments. He relishes them, as the lifeblood of democracy and the only surefire way to establish the truth. Arguments help us solve problems, uncover new ideas we might not have considered, and nudge our disagreements toward mutual understanding. A good argument, made in good faith, has intrinsic value―and can also simply be fun. Arguments are everywhere―and especially given the fierce debates we’re all embroiled in today, everyone wants to win. In this riveting guide to the art of argument and rhetoric, Hasan shows you how. As a journalist, anchor, and interviewer who has clashed with politicians, generals, spy chiefs, and celebrities from across the world, Hasan reveals his tricks of the trade for the first time. Win Every Argument shows how anyone can communicate with confidence, rise above the tit for tats on social media, and triumph in a successful and productive debate in the real world. Whether you are making a presentation at work or debating current political issues with a friend, Mehdi Hasan will teach you how to sharpen your speaking skills to make the winning case. 2Rhetoric of speechaDebating9207237 2ddccBK c234067d234067 00102ddc40708GENaSACPGbSACPGd2025-03-28eAmazong491.00l4o808.53 HASWpPG025003r2026-04-16 11:21:37s2025-11-07v699.00yBK 00102ddc40708GENaSACPGbSACPGd2025-03-28eAmazong491.00l0o808.53 HASWpPG025004r2025-04-01 16:08:09v699.00yBK